000 00256nam a22001097a 4500
082 _a541 COL'P
100 _aCOLE, R.H,COES, J.S
_956929
245 _aPHYSICAL PRICIPLES OF CHEMISTRY
260 _aLONDON
_bW.H FREEMAN
_c1964
300 _a795P
942 _cBK
999 _c567246
_d567246